[Event "Washington Congress 3rd"]
[Site "Arlington"]
[Date "2016.10.06"]
[Round "2"]
[White "Ynojosa Aponte, Felix Jose"]
[Black "Balkhamishvili, Tamar"]
[Result "1-0"]
[WhiteElo "2410"]
[BlackElo "2058"]
[PlyCount "63"]
[EventDate "2016.10.05"]
[EventType "swiss"]
[EventRounds "9"]
[EventCountry "USA"]
[SourceTitle "EXT 2018"]
[Source "ChessBase"]
[SourceDate "2017.10.13"]
[SourceVersion "1"]
[SourceVersionDate "2017.10.13"]
[SourceQuality "1"]

1. c4 f5 2. Nc3 Nf6 3. Nf3 g6 4. g3 Bg7 5. Bg2 0-0 6. 0-0 d6 7. d4 Nc6 8. Rb1 e5 9. Bg5 e4 10. Ne1 h6 11. Bxf6 Qxf6 12. e3 Qf7 13. f3 Qxc4 14. fxe4 Ne7 15. Rc1 Qa6 16. Qb3+ Kh7 17. Nb5 Qb6 18. Nxc7 Qxb3 19. axb3 Rb8 20. Nb5 fxe4 21. Rxf8 Bxf8 22. Nxd6 Be6 23. Rc7 Kh8 24. Rxb7 Rxb7 25. Nxb7 Nf5 26. Kf2 Bd5 27. Nc5 Bxc5 28. dxc5 Kg7 29. b4 Kf6 30. Nc2 Ne7 31. Nd4 g5 32. Bh3 1-0

[Event "GEO-ch U20 Girls"]
[Site "Tbilisi"]
[Date "2002.03.26"]
[Round "8"]
[White "Balkhamishvili, Tamar"]
[Black "Mkheidze, Tamar"]
[Result "0-1"]
[WhiteElo "2108"]
[BlackElo "2175"]
[PlyCount "120"]
[EventDate "2002.03.??"]
[EventType "swiss"]
[EventRounds "9"]
[EventCountry "GEO"]
[SourceTitle "EXT 2004"]
[Source "ChessBase"]
[SourceDate "2003.11.25"]
[SourceVersion "1"]
[SourceVersionDate "2003.11.25"]
[SourceQuality "1"]

1. e4 d6 2. d4 g6 3. Nc3 Bg7 4. f4 Nf6 5. Nf3 0-0 6. Bd3 c5 7. dxc5 dxc5 8. e5 Nd5 9. Nxd5 Qxd5 10. Qe2 Nc6 11. Be4 Qd7 12. c3 b6 13. 0-0 Bb7 14. Rd1 Qc8 15. Be3 h6 16. Bf2 Rd8 17. Bh4 Qe6 18. Rd2 Rxd2 19. Nxd2 Rd8 20. Nb3 c4 21. Nd2 b5 22. a4 a6 23. axb5 axb5 24. Nf1 g5 25. fxg5 hxg5 26. Bxg5 Qxe5 27. Qg4 Kf8 28. Ng3 Qc5+ 29. Kh1 Ne5 30. Qh4 Bxe4 31. Nxe4 Qc7 32. Qh7 Qd7 33. Rf1 Qe6 34. Ng3 Qg6 35. Qh4 f6 36. Be3 Qg4 37. Qxg4 Nxg4 38. Bd4 Nh6 39. Bc5 Rd5 40. Bb4 Kf7 41. Re1 e6 42. h3 Ng8 43. Ne4 Bf8 44. Bxf8 Kxf8 45. Kg1 Kf7 46. Kf2 Ne7 47. Kf3 Nc6 48. Ra1 Ne5+ 49. Ke3 Nd3 50. Ra7+ Kg6 51. h4 Re5 52. Kf3 Ne1+ 53. Ke3 Nxg2+ 54. Kf2 Rxe4 55. Kxg2 Rxh4 56. Rb7 Rh5 57. Kg3 Rd5 58. Kf3 Kf5 59. Rb8 e5 60. Re8 Rd2 0-1

[Event "GEO-ch sf (Women)"]
[Site "Tbilisi"]
[Date "2002.02.27"]
[Round "9"]
[White "Tsereteli, Tamari"]
[Black "Balkhamishvili, Tamar"]
[Result "1/2-1/2"]
[WhiteElo "2223"]
[BlackElo "2108"]
[PlyCount "31"]
[EventDate "2002.02.18"]
[EventType "swiss"]
[EventRounds "9"]
[EventCountry "GEO"]
[SourceTitle "EXT 2004"]
[Source "ChessBase"]
[SourceDate "2003.11.25"]
[SourceVersion "1"]
[SourceVersionDate "2003.11.25"]
[SourceQuality "1"]

1. e4 c5 2. d4 cxd4 3. c3 dxc3 4. Nxc3 Nc6 5. Nf3 d6 6. Bc4 e6 7. 0-0 Nf6 8. Qe2 Be7 9. Rd1 e5 10. h3 0-0 11. Bg5 a6 12. Rd2 Be6 13. Rad1 Qc7 14. Bxf6 Bxf6 15. Bxe6 fxe6 16. Qc4 1/2-1/2

[Event "GEO-ch sf (Women)"]
[Site "Tbilisi"]
[Date "2002.02.25"]
[Round "7"]
[White "Balkhamishvili, Tamar"]
[Black "Ioseliani, Irina"]
[Result "1-0"]
[WhiteElo "2108"]
[BlackElo "2072"]
[PlyCount "63"]
[EventDate "2002.02.18"]
[EventType "swiss"]
[EventRounds "9"]
[EventCountry "GEO"]
[SourceTitle "EXT 2004"]
[Source "ChessBase"]
[SourceDate "2003.11.25"]
[SourceVersion "1"]
[SourceVersionDate "2003.11.25"]
[SourceQuality "1"]

1. e4 c5 2. Nf3 e6 3. d4 cxd4 4. Nxd4 Nc6 5. Nc3 a6 6. g3 Qc7 7. Bg2 Nf6 8. 0-0 Be7 9. a4 d6 10. Be3 Na5 11. Kh1 Nc4 12. Bc1 0-0 13. g4 g6 14. g5 Nh5 15. f4 Ng7 16. Qe1 f6 17. b3 Na5 18. f5 fxg5 19. fxe6 Nc6 20. Nd5 Qd8 21. Nxc6 bxc6 22. Nxe7+ Qxe7 23. Rxf8+ Kxf8 24. Bxg5 Qxe6 25. Qc3 Bb7 26. Bh6 Qe7 27. Qc4 d5 28. exd5 cxd5 29. Bxd5 Rc8 30. Qd4 Bxd5+ 31. Qxd5 Rd8 32. Rf1+ 1-0

[Event "GEO-ch sf (Women)"]
[Site "Tbilisi"]
[Date "2002.02.24"]
[Round "6"]
[White "Vakhania, Alexandra"]
[Black "Balkhamishvili, Tamar"]
[Result "1/2-1/2"]
[WhiteElo "2206"]
[BlackElo "2108"]
[PlyCount "86"]
[EventDate "2002.02.18"]
[EventType "swiss"]
[EventRounds "9"]
[EventCountry "GEO"]
[SourceTitle "EXT 2004"]
[Source "ChessBase"]
[SourceDate "2003.11.25"]
[SourceVersion "1"]
[SourceVersionDate "2003.11.25"]
[SourceQuality "1"]

1. c4 Nf6 2. Nc3 g6 3. g3 Bg7 4. Bg2 d6 5. d3 0-0 6. e4 Nc6 7. Nge2 e5 8. 0-0 Nd4 9. h3 c6 10. Nxd4 exd4 11. Ne2 Nd7 12. g4 a5 13. Ng3 Nc5 14. f4 Qh4 15. Kh2 Qd8 16. b3 Na6 17. a3 Nc7 18. f5 Be5 19. Bf4 Bxf4 20. Rxf4 g5 21. Rf2 f6 22. Ne2 c5 23. e5 dxe5 24. Be4 Rb8 25. h4 h6 26. Qh1 Kg7 27. Ng3 Rh8 28. Nh5+ Kf7 29. Kg3 Qd6 30. Rh2 Bd7 31. Kf3 Qf8 32. Ke2 b6 33. Qf3 Ke7 34. a4 Be8 35. Ng3 Qg7 36. Rah1 Bf7 37. Bb7 gxh4 38. Rxh4 Qg5 39. Ne4 Qe3+ 40. Qxe3 dxe3 41. Bc6 h5 42. Nc3 Rhg8 43. gxh5 Rh8 1/2-1/2

[Event "GEO-ch (Women)"]
[Site "Tbilisi"]
[Date "1999.??.??"]
[Round "?"]
[White "Balkhamishvili, Tamar"]
[Black "Gvetadze, Sofio"]
[Result "1-0"]
[WhiteElo "2042"]
[BlackElo "2174"]
[PlyCount "53"]
[EventDate "1999.??.??"]
[EventType "swiss"]
[EventRounds "9"]
[EventCountry "GEO"]
[SourceTitle "EXT 2002"]
[Source "ChessBase"]
[SourceDate "2001.11.25"]
[SourceVersion "1"]
[SourceVersionDate "2001.11.25"]
[SourceQuality "1"]

1. e4 c5 2. Nf3 e6 3. d4 cxd4 4. Nxd4 Nc6 5. Nc3 Qc7 6. g3 a6 7. Bg2 Nf6 8. 0-0 Bc5 9. Nb3 Ba7 10. Bg5 Ne5 11. Qe2 d6 12. Kh1 h5 13. Rad1 Bd7 14. f4 Nc4 15. e5 dxe5 16. fxe5 Ng4 17. Ne4 Ngxe5 18. Nd6+ Nxd6 19. Qxe5 Nb5 20. Qxg7 Rf8 21. Rxf7 Rxf7 22. Qg8+ Rf8 23. Qg6+ Rf7 24. Rf1 Bc6 25. Qg8+ Kd7 26. Rxf7+ Kd6 27. Bf4+ 1-0

[Event "Wch U16 Girls"]
[Site "Oropesa del Mar"]
[Date "1998.11.06"]
[Round "10"]
[White "Balkhamishvili, Tamar"]
[Black "Dembo, Yelena"]
[Result "1-0"]
[WhiteElo "2035"]
[BlackElo "2165"]
[PlyCount "71"]
[EventDate "1998.10.25"]
[EventType "swiss"]
[EventRounds "11"]
[EventCountry "ESP"]
[SourceTitle "CBM 067 Extra"]
[Source "ChessBase"]
[SourceDate "1999.01.01"]
[SourceVersion "1"]
[SourceVersionDate "1999.01.01"]
[SourceQuality "1"]

1. e4 c5 2. Nf3 Nc6 3. d4 cxd4 4. Nxd4 Nf6 5. Nc3 d6 6. Bc4 e6 7. Be3 Be7 8. Bb3 0-0 9. Qe2 a6 10. 0-0-0 Qc7 11. g4 Nxd4 12. Rxd4 Nd7 13. g5 Nc5 14. h4 b5 15. h5 Rb8 16. g6 b4 17. h6 Nxb3+ 18. axb3 fxg6 19. hxg7 Rf7 20. Na4 Bd7 21. Rdd1 Bxa4 22. bxa4 Rc8 23. Kb1 Bf6 24. Bd4 Bxg7 25. Bxg7 Kxg7 26. Rd3 Kg8 27. Rhd1 Rd7 28. f4 Qc5 29. f5 Re7 30. fxg6 hxg6 31. Rxd6 a5 32. Qg2 Kg7 33. Rg1 Qh5 34. Rd3 Rh8 35. Rg3 Rh6 36. Rg5 1-0

[Event "EU-ch U16 Girls"]
[Site "Mureck"]
[Date "1998.??.??"]
[Round "9"]
[White "Balkhamishvili, Tamar"]
[Black "Istrati, Viorica"]
[Result "0-1"]
[WhiteElo "2035"]
[BlackElo "2145"]
[PlyCount "72"]
[EventDate "1998.07.08"]
[EventType "swiss"]
[EventRounds "9"]
[EventCountry "AUT"]
[SourceTitle "CBM 065 Extra"]
[Source "ChessBase"]
[SourceDate "1998.09.09"]
[SourceVersion "1"]
[SourceVersionDate "1998.09.09"]
[SourceQuality "1"]

1. e4 c5 2. Nf3 d6 3. d4 cxd4 4. Nxd4 Nf6 5. Nc3 a6 6. Bc4 e6 7. Bb3 b5 8. Qe2 Bb7 9. a3 Nbd7 10. 0-0 Nc5 11. f3 Nxb3 12. cxb3 Be7 13. Be3 0-0 14. Rfd1 Nd7 15. Rac1 Rc8 16. Na2 d5 17. exd5 Bxd5 18. Nc3 Bb7 19. Ne4 Rxc1 20. Rxc1 Bxe4 21. fxe4 Ne5 22. a4 Qa8 23. Bf4 Ng6 24. Nc6 Nxf4 25. Nxe7+ Kh8 26. Qe3 Ng6 27. Nxg6+ hxg6 28. axb5 axb5 29. Qc5 Kg8 30. Qc6 Qa2 31. Qc3 b4 32. Qxb4 Qxb2 33. Qc3 Qe2 34. Qf3 Qb5 35. h3 Rb8 36. Rc7 Qb6+ 0-1

[Event "GEO-ch U20 Girls"]
[Site "Tbilisi"]
[Date "1998.??.??"]
[Round "?"]
[White "Goletiani, Rusudan"]
[Black "Balkhamishvili, Tamar"]
[Result "1-0"]
[WhiteElo "2265"]
[BlackElo "2040"]
[PlyCount "61"]
[EventDate "1998.??.??"]
[EventType "swiss"]
[EventRounds "9"]
[EventCountry "GEO"]
[SourceTitle "EXT 2002"]
[Source "ChessBase"]
[SourceDate "2001.11.25"]
[SourceVersion "1"]
[SourceVersionDate "2001.11.25"]
[SourceQuality "1"]

1. Nf3 Nf6 2. b3 g6 3. Bb2 Bg7 4. e3 0-0 5. c4 d6 6. d4 Nbd7 7. Be2 e5 8. dxe5 Ng4 9. Qd2 Ngxe5 10. Nc3 Re8 11. 0-0 Nc5 12. b4 Ne6 13. Rad1 a5 14. a3 axb4 15. axb4 Nxf3+ 16. Bxf3 Ng5 17. Be2 Bf5 18. Qc1 c6 19. Qd2 Qb6 20. h4 Ne4 21. Nxe4 Rxe4 22. Bxg7 Kxg7 23. Bd3 Rxh4 24. Bxf5 gxf5 25. Qc3+ Kg8 26. Rxd6 Rg4 27. Rfd1 Rg6 28. Rd7 Rf8 29. c5 Qb5 30. Rd8 Qe2 31. Qe5 1-0

[Event "GEO-ch U20 Girls"]
[Site "Tbilisi"]
[Date "1998.??.??"]
[Round "?"]
[White "Matnadze, Ana"]
[Black "Balkhamishvili, Tamar"]
[Result "1-0"]
[WhiteElo "2210"]
[BlackElo "2040"]
[PlyCount "81"]
[EventDate "1998.??.??"]
[EventType "swiss"]
[EventRounds "9"]
[EventCountry "GEO"]
[SourceTitle "EXT 2002"]
[Source "ChessBase"]
[SourceDate "2001.11.25"]
[SourceVersion "1"]
[SourceVersionDate "2001.11.25"]
[SourceQuality "1"]

1. d4 Nf6 2. Nf3 g6 3. g3 Bg7 4. Bg2 d6 5. 0-0 0-0 6. c4 Nc6 7. Nc3 e5 8. dxe5 dxe5 9. Bg5 Be6 10. Qa4 h6 11. Rad1 Qe8 12. Be3 Nd7 13. Nd5 Qd8 14. b4 Ne7 15. Nd2 c6 16. Nxe7+ Qxe7 17. c5 f5 18. Nb3 f4 19. Bc1 Bg4 20. Rfe1 Qf7 21. Nd2 fxg3 22. fxg3 Qf2+ 23. Kh1 Bxe2 24. Ne4 Bxd1 25. Qxd1 Qf7 26. Nd6 Qe6 27. b5 Kh7 28. bxc6 bxc6 29. Bxc6 Rad8 30. Bd5 Qe7 31. Ba3 Nb8 32. c6 Na6 33. Qa4 Rxd6 34. Qxa6 Qc7 35. Bxd6 Qxd6 36. Bg2 Qc5 37. Qd3 Rc8 38. Qd7 Rf8 39. c7 e4 40. Bh3 Qf2 41. Rf1 1-0

[Event "EU-ch U16 Girls"]
[Site "Mureck"]
[Date "1998.??.??"]
[Round "6"]
[White "Mukhortova, Elena"]
[Black "Balkhamishvili, Tamar"]
[Result "1-0"]
[WhiteElo "2220"]
[BlackElo "2035"]
[PlyCount "53"]
[EventDate "1998.07.08"]
[EventType "swiss"]
[EventRounds "9"]
[EventCountry "AUT"]
[SourceTitle "CBM 065 Extra"]
[Source "ChessBase"]
[SourceDate "1998.09.09"]
[SourceVersion "1"]
[SourceVersionDate "1998.09.09"]
[SourceQuality "1"]

1. e4 c5 2. Nf3 e6 3. d4 cxd4 4. Nxd4 Nf6 5. Nc3 d6 6. Be2 Be7 7. 0-0 0-0 8. Be3 Nc6 9. Nb3 a6 10. a4 b6 11. f4 Rb8 12. g4 Qc7 13. Rf2 Re8 14. Qf1 Nb4 15. Bf3 Bb7 16. g5 Nd7 17. Qh3 Bf8 18. Raf1 d5 19. Bg4 Nc5 20. Nd4 dxe4 21. f5 e5 22. g6 h6 23. f6 exd4 24. fxg7 fxg6 25. gxf8Q+ Rxf8 26. Be6+ Nxe6 27. Qxe6+ 1-0

[Event "GEO-ch"]
[Site "Tbilisi"]
[Date "1997.??.??"]
[Round "?"]
[White "Balkhamishvili, Tamar"]
[Black "Chibukhchian, Artur"]
[Result "0-1"]
[WhiteElo "2035"]
[BlackElo "2350"]
[PlyCount "90"]
[EventDate "1997.??.??"]
[EventType "swiss"]
[EventRounds "9"]
[EventCountry "GEO"]
[SourceTitle "EXT 2002"]
[Source "ChessBase"]
[SourceDate "2001.11.25"]
[SourceVersion "1"]
[SourceVersionDate "2001.11.25"]
[SourceQuality "1"]

1. e4 c5 2. Nf3 Nc6 3. d4 cxd4 4. Nxd4 Qc7 5. Be3 Nf6 6. Nc3 e6 7. Bc4 a6 8. Bb3 Bb4 9. 0-0 0-0 10. Nde2 b5 11. Bf4 d6 12. Bg5 Nd7 13. a4 Bxc3 14. Nxc3 b4 15. Ne2 Nc5 16. Ng3 Nxb3 17. cxb3 f6 18. Bf4 Rd8 19. Qd2 e5 20. Qd5+ Qf7 21. Qxc6 Bb7 22. Qc1 Rac8 23. Qd2 exf4 24. Qxf4 Qxb3 25. Nf5 Qe6 26. Qg4 Qd7 27. Rfd1 d5 28. exd5 g6 29. Ne3 Qxg4 30. Nxg4 f5 31. Ne3 f4 32. Ng4 Rc2 33. Rd4 Rxb2 34. Rxf4 Bxd5 35. Rd4 b3 36. Nf6+ Kf7 37. Nxd5 Rc8 38. h3 Rcc2 39. Rf4+ Ke6 40. Nb4 Re2 41. Nd3 Rbd2 42. Nc5+ Ke5 43. Rf8 b2 44. Re8+ Kd4 45. Rxe2 bxa1Q+ 0-1

[Event "EU-ch U18 Girls"]
[Site "Tallinn"]
[Date "1997.??.??"]
[Round "6"]
[White "Schmidt, Jessica"]
[Black "Balkhamishvili, Tamar"]
[Result "1-0"]
[WhiteElo "2135"]
[BlackElo "2035"]
[PlyCount "81"]
[EventDate "1997.??.??"]
[EventType "swiss"]
[EventRounds "9"]
[EventCountry "EST"]
[SourceTitle "EXT 1998"]
[Source "ChessBase"]
[SourceDate "1997.11.17"]
[SourceVersion "1"]
[SourceVersionDate "1997.11.17"]
[SourceQuality "1"]

1. d4 Nf6 2. c4 g6 3. Nc3 Bg7 4. e4 d6 5. Bd3 0-0 6. Nge2 e5 7. d5 a5 8. 0-0 Na6 9. f3 Nh5 10. Be3 f5 11. exf5 gxf5 12. f4 Qe7 13. Qd2 Bd7 14. a3 Rae8 15. Rae1 Qh4 16. fxe5 Bxe5 17. g3 Qh3 18. Nf4 Nxf4 19. Bxf4 Nc5 20. Bc2 a4 21. Qg2 Qxg2+ 22. Kxg2 Bxf4 23. Rxe8 Rxe8 24. Rxf4 Re5 25. h4 Kg7 26. Kf3 h5 27. Rd4 Kf6 28. Ne2 Be8 29. Nf4 Re1 30. Ne2 Ke5 31. Rf4 Rf1+ 32. Ke3 Rxf4 33. gxf4+ Kf6 34. Ng3 Bg6 35. Kd4 b6 36. Ke3 b5 37. cxb5 Bf7 38. Kd4 Be8 39. Bxf5 Bxb5 40. Bc2 c6 41. Nxh5+ 1-0